[Event "Mechanics' Fall TNM; G/2"]
[Site "San Francisco"]
[Date "2015.11.17"]
[Round "5.11"]
[White "Marcus, Joel"]
[Black "Alvarez, Gil"]
[Result "1-0"]
[WhiteElo "1904"]
[BlackElo "2003"]
[Annotator "Donaldson"]
[PlyCount "49"]
[EventDate "2015.??.??"]

1. d4 d5 2. Nf3 Nf6 3. Bf4 c5 4. c3 e6 5. e3 Nc6 6. Nbd2 cxd4 7. exd4 Bd6 8.
Bg3 O-O 9. Bd3 Re8 10. Ne5 Qc7 11. f4 a6 12. O-O b5 13. Bh4 Be7 14. Ndf3 Ne4
15. Bxe7 Rxe7 16. Bxe4 dxe4 17. Ng5 f6 18. Nxh7 Kxh7 19. Qh5+ Kg8 20. Ng6 Bb7
21. f5 exf5 $2 (21... e5 {, keeping White's rooks out of the attack.}) 22. Rxf5
Rd7 $2 (22... e3 23. Raf1 Qd6 {protecting f6} 24. Qh8+ Kf7 25. Qh5 $11) 23.
Raf1 Ne7 24. Qh8+ Kf7 {Diagram #} 25. Rxf6+ 1-0

[Event "Mechanics' Leighton Allen TNM; G/2"]
[Site "San Francisco"]
[Date "2015.08.10"]
[Round "2.13"]
[White "Marcus, Joel"]
[Black "Askin, Michael"]
[Result "1-0"]
[WhiteElo "1815"]
[BlackElo "2080"]
[Annotator "Donaldson"]
[PlyCount "55"]
[EventDate "2015.??.??"]

1. d4 d5 2. Nf3 Nf6 3. Bf4 c5 4. c3 Nc6 5. e3 Qb6 6. Qb3 c4 7. Qxb6 axb6 8. Na3
Bf5 9. Nh4 e6 10. Nxf5 exf5 11. Nb5 Kd7 12. Be2 Ra5 13. a4 Be7 14. O-O Ne4 15.
Rfd1 Rha8 16. Nc7 Rc8 17. Nb5 g5 18. f3 Nxc3 19. Nxc3 gxf4 20. e4 Bf6 (20...
Nb4) 21. Nxd5 Bxd4+ 22. Kf1 Ke8 23. Bxc4 fxe4 24. Bb5 Bxb2 25. Ra2 Be5 26. fxe4
Kf8 27. Nxb6 Rd8 $4 (27... Re8 28. Rd7 {favors White but is still a game.}) 28.
Rxd8+ 1-0

[Event "Mechanics' Spring TNM; G/2"]
[Site "San Francisco"]
[Date "2015.04.14"]
[Round "5.18"]
[White "Marcus, Joel"]
[Black "Cole, Tony"]
[Result "1-0"]
[WhiteElo "1820"]
[BlackElo "1487"]
[PlyCount "77"]
[EventDate "2015.??.??"]

1. d4 d5 2. Nf3 Nf6 3. Bf4 Nc6 4. e3 a6 5. Nbd2 Bf5 6. c4 e6 7. Qa4 Nd7 8. Rc1
Nb6 9. Qb3 dxc4 10. Bxc4 Na5 11. Qc3 Nc6 12. O-O Bb4 13. Qb3 O-O 14. Rfd1 Bg4
15. h3 Bxd2 16. Rxd2 Bxf3 17. gxf3 e5 18. Bg3 exd4 19. Bf1 Qg5 20. Kh2 Ne5 21.
Bg2 Qf6 22. Rxd4 Nxf3+ 23. Bxf3 Qxf3 24. Rxc7 Qf6 25. Rxb7 Nc8 26. Rdd7 h6 27.
e4 h5 28. e5 Qf5 {Diagram [#]} 29. e6 fxe6 30. Qxe6+ Kh8 31. Qxf5 Rxf5 32. Rxg7
h4 33. Rh7+ Kg8 34. Rxh4 Na7 35. Rhh7 Nc6 36. Rbg7+ Kf8 37. Bd6+ Ne7 38. Bxe7+
Ke8 39. Bb4 1-0

[Event "Mechanics' Summer TNM; G/2"]
[Site "San Francisco"]
[Date "2015.06.23"]
[Round "5.19"]
[White "Marcus, Joel"]
[Black "Gupta, Vishrut"]
[Result "1-0"]
[WhiteElo "1820"]
[BlackElo "1613"]
[PlyCount "48"]
[EventDate "2015.??.??"]

1. d4 d5 2. Nf3 Nf6 3. Bf4 Bf5 4. e3 e6 5. c4 Bd6 6. Bg3 Nbd7 7. Nc3 O-O 8. Nh4
Bg4 9. Qc2 Bxg3 10. hxg3 Qe7 11. Bd3 dxc4 12. Bxc4 e5 13. Nf5 Qb4 14. Bd3 g6
15. Nh6+ Kg7 16. Nxg4 Nxg4 17. Rh4 e4 18. Bxe4 Ndf6 19. Bf3 Nh6 20. g4 g5 21.
Rh3 Rae8 22. O-O-O Nfxg4 23. Bxg4 Nxg4 24. Qxh7+ Kf6 1-0

[Event "Mechanics' Leighton Allen TNM; G/2"]
[Site "San Francisco"]
[Date "2015.09.08"]
[Round "6.10"]
[White "Marcus, Joel"]
[Black "Klinetobe, David"]
[Result "1-0"]
[WhiteElo "1815"]
[BlackElo "2000"]
[Annotator "Donaldson"]
[PlyCount "51"]
[EventDate "2015.??.??"]

1. d4 Nf6 2. Nf3 d5 3. Bf4 c5 4. c3 Nc6 5. e3 Qb6 6. Qb3 c4 7. Qxb6 axb6 8. Na3
Bf5 9. Nb5 Ra5 10. a4 Bc2 11. Be2 Bxa4 (11... e6) 12. Na3 $2 (12. Nc7+ Kd7 13.
Ng5) 12... e6 13. O-O Be7 14. Nd2 O-O 15. Bc7 Nd7 16. e4 Rc8 17. Bg3 b5 $2 (
17... Rca8) 18. exd5 exd5 19. Bg4 $1 $16 Nb6 20. Bxc8 Nxc8 21. Rae1 Kf8 22. Nf3
b4 23. Nb1 Bc2 24. Ne5 b3 25. Na3 Bxa3 26. Nd7+ 1-0

[Event "Mechanics' Summer TNM; G/2"]
[Site "San Francisco"]
[Date "2015.07.07"]
[Round "7.12"]
[White "Marcus, Joel"]
[Black "Krasnov, Steven"]
[Result "1-0"]
[WhiteElo "1820"]
[BlackElo "1977"]
[PlyCount "57"]
[EventDate "2015.??.??"]

1. d4 Nf6 2. Nf3 g6 3. Bf4 Bg7 4. c3 d6 5. Nbd2 Nh5 6. Bg5 h6 7. Bh4 Nd7 8. e4
O-O 9. Bc4 c6 10. O-O b5 11. Bb3 a5 12. a3 Ndf6 13. Qc2 Nf4 14. Rfe1 Ra7 15.
Bg3 N4h5 16. Nh4 Kh7 17. Bxf7 Rxf7 18. e5 dxe5 19. Qxg6+ Kg8 20. dxe5 Nxg3 21.
exf6 Rxf6 22. Qxg3 Qxd2 23. Rad1 Qxb2 24. Rd8+ Rf8 25. Rxf8+ Kxf8 26. Qb8 Qxa3
27. Qxc8+ Kf7 28. Qe6+ Ke8 29. Rd1 1-0

[Event "Mechanics' Leighton Allen TNM; G/2"]
[Site "San Francisco"]
[Date "2015.09.01"]
[Round "5.22"]
[White "Marcus, Joel"]
[Black "Liang, Ting"]
[Result "1-0"]
[WhiteElo "1815"]
[BlackElo "1430"]
[PlyCount "75"]
[EventDate "2015.??.??"]

1. d4 Nf6 2. Nf3 g6 3. Bf4 Bg7 4. c3 d5 5. e3 c5 6. Bxb8 Rxb8 7. Qa4+ Bd7 8.
Qxa7 c4 9. Nbd2 b5 10. Ne5 O-O 11. Qc5 Bf5 12. Nc6 Nd7 13. Qb4 Qe8 14. Nxb8
Nxb8 15. a4 Bd7 16. axb5 Bxb5 17. b3 Na6 18. Qa5 Qc6 19. Be2 Nc7 20. O-O cxb3
21. Bxb5 Nxb5 22. Nxb3 Nxc3 23. Nc5 Ne2+ 24. Kh1 Nxd4 25. exd4 Bxd4 26. Rac1
Rc8 27. Nd3 Bc3 28. Qa2 Qd7 29. h3 e5 30. Qb3 Bd4 31. Rxc8+ Qxc8 32. Qxd5 Qa6
33. Qe4 f5 34. Qe2 e4 35. Nf4 Qc6 36. Qa2+ Kh8 37. Qf7 Qc2 38. Qf8# 1-0

[Event "Mechanics' Fall TNM; G/2"]
[Site "San Francisco"]
[Date "2015.12.08"]
[Round "8.17"]
[White "Marcus, Joel"]
[Black "Paquette, James"]
[Result "1/2-1/2"]
[WhiteElo "1904"]
[BlackElo "1620"]
[Annotator "Donaldson"]
[PlyCount "118"]
[EventDate "2015.??.??"]

1. d4 d6 2. Nf3 Nf6 3. Bf4 Nbd7 4. e3 Nh5 5. Bg3 Nxg3 6. hxg3 e5 7. Nbd2 exd4
8. Nxd4 Nf6 9. Bd3 Bg4 10. f3 Bd7 11. Qe2 Qe7 12. O-O-O O-O-O 13. e4 Qe5 14.
Qf2 Qa5 15. Kb1 c5 16. N4b3 Qb6 17. Nc4 Qc7 18. Ne3 g6 19. Bc4 Be6 20. Bd5 Nxd5
21. Nxd5 Qc6 22. Qe3 Kb8 23. Qc3 Rg8 24. Rxh7 b6 25. a3 Ka8 26. Nd4 Qc8 27. Nb5
Bxd5 28. Rxd5 a6 {Diagram #} 29. Nd4 $2 (29. Qf6 $1 Rd7 (29... axb5 30. Qxf7
Rg7 31. Rxg7 Bxg7 32. Qxg7 $18) 30. Nxd6 $18) 29... cxd4 30. Qxd4 Qc6 $2 (30...
Qc7 $11) 31. Rxf7 Rc8 32. c3 (32. Ra5 $1) 32... Rc7 33. Rxc7 Qxc7 34. Qa4 $2 (
34. e5 $1) 34... Ka7 35. e5 Rg7 36. Qe8 Be7 37. Qh8 Rf7 38. Qg8 Bf8 39. Qxg6
dxe5 40. Rxe5 Rxf3 $1 41. Rf5 Rxf5 42. Qxf5 Bd6 43. g4 Qe7 44. g5 Be5 45. g6
Qg7 46. Qf7+ Kb8 47. g4 Kc8 48. Kc2 Kd8 49. g5 Qxf7 50. gxf7 Ke7 51. g6 Bg7 52.
Kd3 Kf6 53. a4 Kxg6 54. Kc4 Bf8 55. Kd5 Kxf7 56. Kc6 b5 57. axb5 axb5 58. Kxb5
Bg7 59. Kc5 Ke7 1/2-1/2

[Event "Mechanics' Spring TNM; G/2"]
[Site "San Francisco"]
[Date "2015.04.21"]
[Round "6.12"]
[White "Marcus, Joel"]
[Black "Tsodikova, Natalya"]
[Result "0-1"]
[WhiteElo "1820"]
[BlackElo "2175"]
[PlyCount "70"]
[EventDate "2015.??.??"]

1. d4 Nf6 2. Nf3 g6 3. Bf4 d5 4. e3 Bg7 5. h3 O-O 6. Bd3 c5 7. c3 c4 8. Bc2 Nc6
9. Nbd2 b5 10. a3 Bb7 11. O-O a5 12. e4 dxe4 13. Nxe4 Nxe4 14. Bxe4 Qb6 15. Qe2
Rfe8 16. Bc2 e5 17. dxe5 Nxe5 18. Nxe5 Bxe5 19. Bxe5 f6 20. Qg4 Rxe5 21. h4
Rae8 22. Rad1 Bc8 23. Qg3 Kf7 24. Rd4 Re2 25. Bb1 Qc5 26. Qf4 Kg7 27. h5 Qxh5
28. Qg3 Qe5 29. Qf3 Re1 30. Rd1 Rxd1 31. Rxd1 Re7 32. Qa8 Bb7 33. Qd8 Kf7 34.
Qh8 Qh5 35. Rd8 Re1# 0-1

[Event "Mechanics' Spring TNM; G/2"]
[Site "San Francisco"]
[Date "2015.03.24"]
[Round "2.4"]
[White "Marcus, Joel"]
[Black "Wong, Russell"]
[Result "0-1"]
[WhiteElo "1820"]
[BlackElo "2215"]
[PlyCount "56"]
[EventDate "2015.??.??"]

1. d4 Nf6 2. Nf3 c5 3. c3 e6 4. Bf4 Nc6 5. e3 Qb6 6. Qb3 d6 7. Nbd2 Na5 8. Qc2
cxd4 9. exd4 Bd7 10. Bd3 d5 11. Ne5 Bb5 12. O-O Rc8 13. Rab1 Be7 14. b4 Nc6 15.
Bxb5 Qxb5 16. Qb3 Nxe5 17. dxe5 Nd7 18. a4 Qd3 19. Rbc1 O-O 20. a5 a6 21. Rfd1
Qf5 22. Bg3 Nxe5 23. Bxe5 Qxe5 24. c4 dxc4 25. Nxc4 Qb5 26. Nd6 Bxd6 27. Rxc8
Rxc8 28. Rxd6 Qxb4 0-1

[Event "Mechanics' Winter TNM; 30/90, SD/30"]
[Site "San Francisco"]
[Date "2015.01.13"]
[Round "2.29"]
[White "Maser, Thomas"]
[Black "Chan, John"]
[Result "1-0"]
[WhiteElo "1921"]
[BlackElo "1514"]
[PlyCount "65"]
[EventDate "2015.??.??"]

1. e4 e6 2. d4 d5 3. Nd2 Nf6 4. e5 Nfd7 5. Bd3 c5 6. c3 c4 7. Bc2 Nc6 8. Ne2
Be7 9. O-O Nf8 10. Ng3 g6 11. Nf3 h5 12. b3 b5 13. a4 bxa4 14. bxc4 Bd7 15.
cxd5 exd5 16. Bxa4 Na5 17. Bxd7+ Nxd7 18. Qd3 Nf8 19. Qb5+ Nd7 20. Rxa5 Qc7 21.
Qxd5 Rb8 22. Ng5 Bxg5 23. Bxg5 Kf8 24. Rfa1 h4 25. Ne4 Kg7 26. h3 Rhc8 27. Nd6
Nb6 28. Bf6+ Kg8 29. Qe4 Nd7 30. Nxc8 Qxc8 31. Qxh4 Nxf6 32. Qxf6 Rb6 33. Qf3
1-0

[Event "Mechanics' Winter TNM; 30/90, SD/30"]
[Site "San Francisco"]
[Date "2015.02.17"]
[Round "7.21"]
[White "Maser, Thomas"]
[Black "Nelson, Christopher"]
[Result "1-0"]
[WhiteElo "1921"]
[BlackElo "1665"]
[PlyCount "43"]
[EventDate "2015.??.??"]

1. e4 e5 2. Nf3 Nc6 3. Bb5 Bc5 4. O-O d6 5. c3 Bd7 6. d4 exd4 7. cxd4 Bb6 8.
Nc3 Nge7 9. Re1 O-O 10. h3 a6 11. Bc4 Na5 12. Bd3 c5 13. e5 Bf5 14. Bg5 f6 15.
exf6 gxf6 16. Bh6 Rf7 {Diagram #} 17. Rxe7 $1 Rxe7 18. Bxf5 cxd4 19. Nd5 Re5
20. Nxe5 dxe5 21. Qg4+ Kf7 22. Be6+ 1-0

[Event "Mechanics' Winter TNM; 30/90, SD/30"]
[Site "San Francisco"]
[Date "2015.02.03"]
[Round "5.10"]
[White "Maser, Thomas"]
[Black "Wong, Russell"]
[Result "0-1"]
[WhiteElo "1921"]
[BlackElo "2215"]
[PlyCount "42"]
[EventDate "2015.??.??"]

1. e4 Nf6 2. e5 Nd5 3. c4 Nb6 4. b3 d6 5. exd6 exd6 6. Bb2 d5 7. c5 Bxc5 8.
Bxg7 Rg8 9. Be5 Nc6 10. Bg3 Qf6 11. Nc3 {Diagram #} Rxg3 $1 12. Qe2+ Be6 13.
hxg3 Nd4 14. Qd3 O-O-O 15. Kd1 Bf5 16. Qe3 Bc2+ 17. Ke1 Nxb3 18. Qf3 Qe6+ 19.
Nce2 Nxa1 20. Qc3 Nc4 21. Nf3 Qb6 0-1

[Event "Mechanics' Fall TNM; G/2"]
[Site "San Francisco"]
[Date "2015.12.08"]
[Round "8.13"]
[White "Maser, Thomas F"]
[Black "Dupree, Charles"]
[Result "1/2-1/2"]
[WhiteElo "1923"]
[BlackElo "1654"]
[Annotator "Donaldson"]
[PlyCount "90"]
[EventDate "2015.??.??"]

1. e4 c5 2. Nf3 e6 3. d4 cxd4 4. Nxd4 a6 5. Bd3 Qc7 6. O-O Nf6 7. Qe2 b5 8. Bg5
Bb7 9. Nd2 Nc6 10. Nxc6 Bxc6 11. Bxf6 gxf6 12. Qh5 Qe5 13. Qxe5 fxe5 14. Rfe1
Bg7 15. c4 O-O 16. b4 f5 17. c5 Rad8 18. a4 d6 19. Nb3 fxe4 20. axb5 axb5 21.
Bxe4 Bxe4 22. Rxe4 d5 23. Rg4 Ra8 24. Rxa8 Rxa8 25. Na5 Kf7 26. f3 Bh6 27. Kf2
Bd2 28. Nc6 Bc3 29. Rh4 Kg7 30. Ke2 Ra2+ 31. Kd3 d4 32. Nxe5 Rd2+ 33. Ke4 Re2+
34. Kf4 Rxe5 ({Or} 34... Bd2+ 35. Kg4 Rxe5) 35. c6 Rf5+ 36. Ke4 Rf7 37. Rh5 Rc7
38. Rc5 Kf6 39. f4 Ke7 40. Rxb5 Kd6 41. f5 exf5+ 42. Rxf5 Kxc6 43. Rc5+ Kb6 44.
Rxc7 Kxc7 45. h4 {Diagram #} Bxb4 $4 (45... h5 $19 46. g4 hxg4 47. h5 g3 48. h6
(48. Kf3 d3 49. Kxg3 d2) 48... g2 49. h7 d3 50. Kxd3 Bh8 $19) 1/2-1/2

[Event "Mechanics' Leighton Allen TNM; G/2"]
[Site "San Francisco"]
[Date "2015.09.22"]
[Round "8.8"]
[White "Maser, Thomas F"]
[Black "Gaffagan, Steven"]
[Result "1/2-1/2"]
[WhiteElo "1941"]
[BlackElo "2113"]
[PlyCount "60"]
[EventDate "2015.??.??"]

1. e4 e5 2. Nf3 Nc6 3. Bb5 a6 4. Ba4 Nf6 5. O-O Be7 6. Re1 b5 7. Bb3 d6 8. c3
O-O 9. h3 Nb8 10. a4 Bb7 11. d3 Nbd7 12. Nbd2 Nc5 13. Bc2 Nxa4 14. d4 Nd7 15.
Bxa4 bxa4 16. Nf1 Bf6 17. Ng3 exd4 18. cxd4 Re8 19. Rxa4 c5 20. d5 g6 21. Bf4
Nb6 22. Ra2 a5 23. b3 Qd7 24. Qd2 a4 25. bxa4 Nxa4 26. Rc2 Nb6 27. Nh2 h5 28.
Bg5 Bg7 29. Nf3 Kh7 30. Qf4 Ra4 1/2-1/2

[Event "Mechanics' Summer TNM; G/2"]
[Site "San Francisco"]
[Date "2015.05.26"]
[Round "1.21"]
[White "Maser, Thomas F"]
[Black "Gomboluudev, Enkhjin"]
[Result "1-0"]
[WhiteElo "1900"]
[BlackElo "1482"]
[Annotator "Donaldson"]
[PlyCount "75"]
[EventDate "2015.??.??"]

1. e4 e5 2. Nf3 Nc6 3. Bb5 a6 4. Ba4 Bc5 5. O-O b5 6. Bb3 Nf6 7. d3 h6 8. c3
O-O 9. a4 b4 10. d4 exd4 11. cxd4 Bb6 12. e5 Ne8 13. Be3 Qe7 14. Qd3 d6 $2 15.
Bc2 f5 (15... g6) 16. Qc4+ Kh8 17. Qxc6 Rb8 18. Nbd2 f4 19. exd6 Nxd6 20. Ne5
Qg5 21. Ndf3 Qf6 22. Ng6+ Kg8 23. Nxf8 fxe3 24. fxe3 Qxf8 25. Ne5 Qe7 26. Qf3
Bb7 27. Qg4 Qg5 28. Qe6+ Kh8 29. Ng6+ Kh7 30. Nf4+ Kh8 31. Rf2 Re8 32. Qg6 Qxg6
33. Nxg6+ Kg8 34. Raf1 Be4 35. Rf8+ Rxf8 36. Rxf8+ Kh7 37. Bxe4 Nxe4 38. Ne5
1-0

[Event "Mechanics' Fall TNM; G/2"]
[Site "San Francisco"]
[Date "2015.12.15"]
[Round "9.13"]
[White "Maser, Thomas F"]
[Black "Koga, Micah Kamuel"]
[Result "1-0"]
[WhiteElo "1923"]
[BlackElo "1630"]
[Annotator "Donaldson"]
[PlyCount "69"]
[EventDate "2015.??.??"]

1. e4 c6 2. Ne2 d5 3. e5 e6 4. d4 Nd7 5. Nd2 Ne7 6. Nf3 Ng6 7. h4 Be7 8. h5 Nh4
9. Nf4 Nf8 10. Nxh4 Bxh4 11. Qg4 Bg5 12. Bd3 Bh6 13. Nh3 Bxc1 14. Qxg7 (14.
Rxc1) 14... Bxb2 15. Rd1 Qa5+ $2 (15... Qh4 16. Qxh8 Bxd4) 16. Kf1 Bd7 17. Qxh8
Bxd4 18. Qf6 h6 19. Qxh6 O-O-O 20. Ng5 Kb8 21. Nxf7 Rc8 22. Nd6 Rd8 23. Qf6 c5
24. h6 Qb6 25. h7 Nxh7 26. Rxh7 c4 27. Be2 Bc5 28. Rh8 Rxh8 29. Qxh8+ Kc7 30.
Qf6 Kc6 31. Rxd5 Bxf2 32. Nxc4 Qb1+ 33. Rd1 Qxc2 34. Qxf2 Qxa2 35. Bf3+ 1-0

[Event "Mechanics' Summer TNM; G/2"]
[Site "San Francisco"]
[Date "2015.06.30"]
[Round "6.15"]
[White "Maser, Thomas F"]
[Black "Kondakov, Adrian"]
[Result "1-0"]
[WhiteElo "1900"]
[BlackElo "1501"]
[PlyCount "53"]
[EventDate "2015.??.??"]

1. e4 e6 2. d4 d5 3. Nd2 Nc6 4. Ngf3 Nf6 5. e5 Nd7 6. Be2 f6 7. exf6 Qxf6 8.
Nb3 Bd6 9. O-O O-O 10. Bg5 Qf7 11. Bh4 e5 12. dxe5 Ndxe5 13. Ng5 Qf4 14. Qxd5+
Kh8 15. g3 Qf6 16. Nxh7 Qf7 17. Qxf7 Rxf7 18. Ng5 Rf8 19. Ne4 Bh3 20. Rfd1 Be7
21. Bxe7 Nxe7 22. f4 N5g6 23. Ng5 Bf5 24. Nd4 Rad8 25. Nxf5 Nxf5 26. Rxd8 Rxd8
27. Nf7+ 1-0

[Event "Mechanics' Fall TNM; G/2"]
[Site "San Francisco"]
[Date "2015.11.10"]
[Round "4.14"]
[White "Maser, Thomas F"]
[Black "Quang, Danny Kt"]
[Result "1-0"]
[WhiteElo "1923"]
[BlackElo "1596"]
[PlyCount "80"]
[EventDate "2015.??.??"]

1. e4 d5 2. exd5 Qxd5 3. Nf3 Nf6 4. Be2 e5 5. d3 Bb4+ 6. Nbd2 Nc6 7. O-O Bxd2
8. Bxd2 O-O 9. Re1 Bf5 10. Nh4 Bd7 11. Bf3 Qd6 12. Bc3 Rfe8 13. Qd2 Rab8 14.
Qg5 Nd4 15. Rac1 c5 16. Be4 Nxe4 17. Rxe4 f6 18. Qh5 Be6 19. Bxd4 cxd4 20. Rce1
Bf7 21. Qg4 Be6 22. Qe2 Qb6 23. b3 g5 24. Nf3 Bf5 25. Nxg5 Bxe4 26. Nxe4 Kh8
27. Qh5 Qe6 28. Qh6 f5 29. Qxe6 Rxe6 30. Nc5 Re7 31. f4 b6 32. Na6 Rbe8 33.
Rxe5 Rxe5 34. fxe5 Rxe5 35. Kf2 Kg7 36. Nc7 a5 37. a4 Kf6 38. Nb5 Rc5 39. Nxd4
Ke5 40. Nf3+ Kf6 {scoresheet ends ...} 1-0

[Event "Mechanics' Summer TNM; G/2"]
[Site "San Francisco"]
[Date "2015.06.09"]
[Round "3.6"]
[White "Maser, Thomas F"]
[Black "Shaw, Tenzing W"]
[Result "0-1"]
[WhiteElo "1900"]
[BlackElo "2273"]
[PlyCount "54"]
[EventDate "2015.??.??"]

1. e4 e6 2. d4 d5 3. Nd2 Be7 4. Ngf3 Nf6 5. e5 Nfd7 6. Bd3 c5 7. c3 Nc6 8. O-O
g5 9. g4 Qb6 10. c4 cxd4 11. cxd5 exd5 12. Re1 Nc5 13. Bf5 Bxf5 14. gxf5 Nd3
15. f6 Nxe1 16. Qxe1 Bc5 17. e6 O-O-O 18. e7 Rde8 19. Nb3 Rhg8 20. Nxc5 Qxc5
21. b4 Qc3 22. Qxc3 dxc3 23. b5 g4 24. Ng5 Nd4 25. Kf1 h6 26. Bf4 Rxg5 27. Bxg5
hxg5 0-1

[Event "Mechanics' Leighton Allen TNM; G/2"]
[Site "San Francisco"]
[Date "2015.09.08"]
[Round "6.6"]
[White "Maser, Thomas F"]
[Black "Tsodikova, Natalya"]
[Result "0-1"]
[WhiteElo "1941"]
[BlackElo "2164"]
[PlyCount "75"]
[EventDate "2015.??.??"]

1. e4 e5 2. Nf3 Nc6 3. Bb5 Nge7 4. O-O g6 5. c3 Bg7 6. d4 exd4 7. cxd4 d5 8. e5
O-O 9. Nc3 Bg4 10. Be3 Nf5 11. Be2 Nxe3 12. fxe3 Bh6 13. Qd2 Ne7 14. Rae1 c6
15. h3 Be6 16. Bd3 Qc7 17. Qf2 c5 18. Qh4 Bg7 19. Nb5 Qd7 20. dxc5 Bf5 21. Bxf5
Nxf5 22. Qb4 Bh6 23. Nd6 Bxe3+ 24. Kh2 d4 25. Nd2 a5 26. Qb3 Bxd2 27. Ne4 Qc6
28. Nxd2 Ne3 29. Rf2 Qxc5 30. Qxb7 Qxe5+ 31. Kg1 Rab8 32. Nf3 Rxb7 33. Nxe5 Rc8
34. Nf3 Rd7 35. Nxd4 Nxg2 36. Kxg2 Rxd4 37. Re7 f5 38. Ra7 $17 {
both sides ing score at this point. Black later won in mutual time pressure.}
0-1

[Event "Mechanics' Fall TNM; G/2"]
[Site "San Francisco"]
[Date "2015.11.24"]
[Round "6.5"]
[White "Maser, Thomas F"]
[Black "Vickers, Keith"]
[Result "1/2-1/2"]
[WhiteElo "1923"]
[BlackElo "2200"]
[PlyCount "87"]
[EventDate "2015.??.??"]

1. e4 d5 2. exd5 Qxd5 3. Nf3 Nf6 4. Nc3 Qd6 5. d4 Bg4 6. Be2 c6 7. h3 Bh5 8.
Be3 e6 9. Ne5 Bxe2 10. Qxe2 Nbd7 11. Nxd7 Qxd7 12. O-O-O Bb4 13. Qc4 a5 14. g4
Nd5 15. Ne4 Nxe3 16. fxe3 Qd5 17. Qxd5 cxd5 18. Nf2 Kd7 19. Rhf1 f6 20. e4 h5
21. g5 fxg5 22. exd5 exd5 23. Nd3 Rhf8 24. Ne5+ Ke6 25. Nf3 Be7 26. Rde1+ Kd6
27. Ne5 Rxf1 28. Rxf1 Bf6 29. Re1 Re8 30. Rf1 Bxe5 31. dxe5+ Rxe5 32. Rf7 Re7
33. Rf5 g6 34. Rxg5 Re6 35. c4 dxc4 36. Rxa5 Re5 37. Ra4 Kc5 38. Kd2 g5 39. b3
Re4 40. Ra5+ b5 41. a4 cxb3 42. Rxb5+ Kc4 43. Rxg5 Kb4 44. Rxh5 {
and drawn a few moves later in mutual time pressure.} 1/2-1/2

[Event "Mechanics' Fall TNM; G/2"]
[Site "San Francisco"]
[Date "2015.10.27"]
[Round "2.2"]
[White "Maser, Thomas F"]
[Black "Winslow, Elliott C"]
[Result "1-0"]
[WhiteElo "1923"]
[BlackElo "2325"]
[Annotator "Donaldson"]
[PlyCount "109"]
[EventDate "2015.??.??"]

1. e4 c5 2. Nf3 d6 3. d4 cxd4 4. Nxd4 Nf6 5. Nc3 g6 6. Be2 Bg7 7. Be3 O-O 8.
O-O Nc6 9. Kh1 Nxd4 (9... d5) 10. Bxd4 Be6 11. Bf3 Bc4 12. Re1 e5 13. Be3 Qd7
14. Qd2 Rfd8 15. Rad1 Qc6 16. Bg5 Rac8 17. Be2 Be6 18. f4 h6 19. Bxf6 Bxf6 20.
f5 Bg5 21. Qd3 Bc4 22. Qg3 Bf4 23. Qh3 gxf5 24. Bxc4 Qxc4 25. Nd5 fxe4 26. Qf5
Rc5 27. Nf6+ Kg7 28. Nxe4 Rcc8 29. Qf6+ Kf8 30. Nxd6 Qe6 31. Qxe6 fxe6 32. Nxc8
Rxc8 33. c3 Rc5 34. g3 Bg5 35. Rd7 Rb5 36. b3 Ke8 37. Rh7 Bd2 38. Rd1 Rd5 39.
c4 Rd4 40. Kg2 e4 41. Rxb7 e3 42. Kf1 a5 43. Ke2 h5 44. Rb5 h4 45. Rxa5 hxg3
46. hxg3 Kd7 47. Ra6 Ke7 48. Rh1 Re4 49. Rh5 Kf7 50. Rh6 Ke7 51. c5 Kd7 52.
Rd6+ Ke7 53. Ra6 Kf7 54. Ra7+ Kf8 55. c6 1-0

[Event "Mechanics' Leighton Allen TNM; G/2"]
[Site "San Francisco"]
[Date "2015.08.18"]
[Round "3.13"]
[White "Maser, Tom"]
[Black "Bayaraa, Chinguun"]
[Result "1-0"]
[WhiteElo "1941"]
[BlackElo "1904"]
[PlyCount "47"]
[EventDate "2015.??.??"]

1. e4 c5 2. Nf3 d6 3. d4 cxd4 4. Nxd4 Nf6 5. Nc3 a6 6. Be2 e5 7. Nb3 Be7 8. O-O
Nbd7 9. a4 b6 10. f4 Bb7 11. Bf3 O-O 12. Kh1 Rc8 13. Be3 Qc7 14. Qe1 Nc5 15.
Nxc5 dxc5 16. Qg3 Bd6 17. f5 Ne8 18. Rad1 f6 19. Rd2 Bc6 20. Be2 Qb7 21. Bc4+
Kh8 22. Qh4 Be7 23. Rf3 b5 {Diagram #} 24. Qxh7+ 1-0

[Event "Mechanics' Spring TNM; G/2"]
[Site "San Francisco"]
[Date "2015.04.14"]
[Round "5.30"]
[White "Maser, Tom"]
[Black "Hood, Bryan"]
[Result "1-0"]
[WhiteElo "1956"]
[BlackElo "1628"]
[PlyCount "61"]
[EventDate "2015.??.??"]

1. e4 e5 2. Nf3 Nc6 3. Bb5 Nf6 4. d3 d6 5. c3 Bd7 6. O-O Be7 7. Re1 O-O 8. Nbd2
a6 9. Ba4 b5 10. Bc2 Bg4 11. h3 Bh5 12. Nf1 Nd7 13. Ng3 Bg6 14. a4 f5 15. Nxf5
Bxf5 16. exf5 Rxf5 17. d4 Rf6 18. Be4 d5 19. Bxd5+ Kf8 20. dxe5 Ndxe5 21. Nxe5
Nxe5 22. Bxa8 Qxa8 23. Rxe5 Rg6 24. Qd5 c6 25. Qd7 Bf6 26. Qd6+ Kf7 27. Qe6+
Kf8 28. Be3 Qd8 29. Bc5+ Be7 30. Bxe7+ Qxe7 31. Qxe7+ 1-0

[Event "Mechanics' Spring TNM; G/2"]
[Site "San Francisco"]
[Date "2015.04.28"]
[Round "7.14"]
[White "Maser, Tom"]
[Black "Reyes, Robert"]
[Result "1-0"]
[WhiteElo "1956"]
[BlackElo "1681"]
[PlyCount "77"]
[EventDate "2015.??.??"]

1. e4 e6 2. d4 d5 3. Nd2 Nf6 4. e5 Nfd7 5. Bd3 c5 6. c3 Nc6 7. Ngf3 a6 8. O-O
b5 9. Re1 Qb6 10. a4 Bb7 11. Qe2 b4 12. Ng5 h6 13. Qh5 Nd8 14. Nxf7 Nxf7 15.
Bg6 O-O-O 16. Bxf7 cxd4 17. a5 Qa7 18. cxd4 Qxd4 19. Nf3 Qa7 20. Be3 Bc5 21.
Rac1 Kb8 22. Bxe6 d4 23. Bf4 d3 24. Bxd7 Bxf2+ 25. Kh1 Ka8 26. Red1 Rxd7 27.
Qf5 Rdd8 28. Rxd3 Rdf8 29. Qg4 g5 30. Bg3 Rfg8 31. e6 h5 32. Bxf2 Qxf2 33. Qd4
Qe2 34. Re1 Qc2 35. e7 g4 36. Nh4 Qc7 37. Qe5 Qc8 38. Rd2 Re8 39. Nf5 1-0

[Event "Mechanics' Summer TNM; G/2"]
[Site "San Francisco"]
[Date "2015.07.14"]
[Round "8.26"]
[White "Mathroobootham, Ganesh"]
[Black "Gomboluudev, Enkhjin"]
[Result "1-0"]
[WhiteElo "1141"]
[BlackElo "1482"]
[PlyCount "79"]
[EventDate "2015.??.??"]

1. d4 d5 2. Nf3 Nf6 3. e3 e6 4. Bd3 Be7 5. O-O O-O 6. Nbd2 c5 7. b3 Nc6 8. Bb2
Re8 9. Re1 h6 10. a3 cxd4 11. exd4 Bd6 12. Ne5 Qc7 13. f4 Qb6 14. Ndf3 Nd7 15.
Kh1 Qc7 16. Re3 f6 17. Nxd7 Bxf4 18. Nxf6+ gxf6 19. Re1 Kf7 20. Bc1 Ke7 21.
Bxf4 Qxf4 22. c3 Kd8 23. Rf1 Qd6 24. Qd2 Rh8 25. Qe3 Kc7 26. Nh4 e5 27. dxe5
Qxe5 28. Qd2 Qg5 29. Qf2 Rf8 30. Rae1 Bd7 31. Nf3 Qg7 32. Nd4 Nxd4 33. Qxd4 Bc6
34. Re6 Rg8 35. Qf4+ Kc8 36. Re2 Rf8 37. Qd6 Qc7 38. Bf5+ Bd7 39. Qxf8+ Qd8 40.
Re8 1-0

[Event "Mechanics' Spring TNM; G/2"]
[Site "?"]
[Date "2015.03.24"]
[Round "2"]
[White "Mathroobotham, Ganesh"]
[Black "Cheung, Aaron"]
[Result "1-0"]
[WhiteElo "1141"]
[BlackElo "1748"]
[PlyCount "81"]
[EventDate "2015.??.??"]

1. d4 Nf6 2. Nf3 d6 3. e3 g6 4. Bc4 Bg7 5. Nc3 O-O 6. O-O Nbd7 7. a4 e5 8. b4
Qe7 9. Ba3 Nb6 10. Bb3 Be6 11. d5 Bg4 12. e4 a6 13. a5 Nbd7 14. h3 Bxf3 15.
Qxf3 Nh5 16. b5 f5 17. Qe2 Nf4 18. Qf3 fxe4 19. Nxe4 axb5 20. Rfd1 Nf6 21. Nc5
Kh8 22. Ne4 Nxe4 23. Qxe4 Qg5 24. Kh2 Qh5 25. Rf1 g5 26. f3 Qg6 27. Qxg6 Nxg6
28. Bb4 e4 29. Rae1 exf3 30. Rxf3 Be5+ 31. Kg1 Rxf3 32. gxf3 Rf8 33. Re3 Kg7
34. c4 Bd4 35. Bc3 Bxc3 36. Rxc3 bxc4 37. Bxc4 Ne5 38. Be2 c6 39. a6 bxa6 40.
dxc6 Rc8 41. c7 1-0